| 000 | 00414nam a22001577a 4500 | ||
|---|---|---|---|
| 003 | macl | ||
| 005 | 20221204171900.0 | ||
| 008 | 221204b |||||||| |||| 00| 0 eng d | ||
| 040 | _cmacl | ||
| 082 | _a954 | ||
| 100 |
_a VISION IAS _981589 |
||
| 245 | _aआजादी के बाद भारत | ||
| 260 |
_b VISION IAS _c2022 |
||
| 650 |
_aभारतीय इतिहास _931578 |
||
| 942 |
_2ddc _cHIN |
||
| 999 |
_c65687 _d65687 |
||